| 000 | 00396nam a22001457a 4500 | ||
|---|---|---|---|
| 005 | 20250623130113.0 | ||
| 008 | 250623b |||||||| |||| 00| 0 eng d | ||
| 020 | _a0802806686 | ||
| 050 |
_aBR1640 _bFAC |
||
| 100 | _aFACKRE GABRIEL | ||
| 245 | _aECUMENICAL FAITH IN EVANGELICAL PERSPECTIVE | ||
| 260 |
_aMICHIGAN _bWB EERDMANS PUBLISHING COMPANY _cc1993 |
||
| 300 | _ax, 230p | ||
| 942 |
_2lcc _cBK _n0 |
||
| 999 |
_c6632 _d6632 |
||